| 000 | 00787nam a2200253Ia 4500 | ||
|---|---|---|---|
| 003 | OSt | ||
| 005 | 20220918223523.0 | ||
| 006 | a|||||r|||| 00| 0 | ||
| 007 | ta | ||
| 008 | 220917b |||||||| |||| 00| 0 eng d | ||
| 024 | _a223,200 | ||
| 037 | _cTextual | ||
| 040 |
_aARTS _cARTS _beng |
||
| 041 |
_2eng _aeng |
||
| 082 | _aX:991.2, P4 | ||
| 100 |
_aSeth Vijay K. _9145934 |
||
| 245 | 0 |
_aThe econmics of labour markets _b Policy, regime changes & the process of labour adjustment in the organised industry in India |
|
| 260 |
_aNew Delhi _bAne books _c2004 |
||
| 300 |
_axxix, 243p _ccm. |
||
| 650 | _aECONOMICS | ||
| 700 |
_a Aggarwal Suresh Chand _9145935 |
||
| 942 |
_hX:991.2, P4 _cTEXL _2CC |
||
| 999 |
_c278690 _d278690 |
||